00272nam a22001097a 4500082000900000100002400009245007800033260000900111300001300120526001800133650001100151 aT-64 aMuhammad Uzair Khan aDynamic effect of traffic loading on highway bridgescMuhammad Uzair Khan c1997 a166 P, : a0b0c0dT_64 aThesis